Armco A 2000 PVC sewer pipe

Bewaard in:
Bibliografische gegevens
Formaat: Boek
Taal:English
Gepubliceerd in: Middletown, Ohio : Tredemarks of Armco 2000
Tags: Voeg label toe
Geen labels, Wees de eerste die dit record labelt!

MARC

LEADER 00000nam a2200000Ia 4500
003 MV0091
005 20221231143955.0
008 140114s2000 us a 000 ||eng d
040 |c cru CEDI 
090 |a MV 91 
245 |a Armco A 2000 PVC sewer pipe  
260 |a Middletown, Ohio : Tredemarks of Armco   |c 2000 
300 |a 11 páginas :ilustraciones a color 
942 |c MX 
999 |c 15020  |d 15020